000 01584cam a22003254a 4500
999 _c332411
_d332411
001 13538993
003 NUST
005 20171204102044.0
008 040326s2004 njua b 001 0 eng
010 _a 2004007135
020 _a0471215996 (alk. paper)
040 _aDLC
_cDLC
_dDLC
042 _apcc
050 0 0 _aTD171.9
_b.S53 2004
082 0 0 _a628.55 SHA
_222
100 1 _aSharma, Hari D.
_96366
245 1 0 _aGeoenvironmental engineering :
_bsite remediation, waste containment, and emerging waste management technologies /
_cHari D. Sharma, Krishna R. Reddy.
260 _aHoboken, N.J. :
_bWiley,
_cc2004.
300 _axviii, 968 p. :
_bill. ;
_c25 cm.
500 _aH.B
504 _aIncludes bibliographical references and index.
650 0 _aEnvironmental geotechnology.
_95419
650 0 _aHazardous waste site remediation.
_96370
650 0 _aSanitary landfills.
_96903
700 1 _aReddy, Krishna R.
_96904
856 4 2 _3Contributor biographical information
_uhttp://www.loc.gov/catdir/bios/wiley047/2004007135.html
856 4 2 _3Publisher description
_uhttp://www.loc.gov/catdir/description/wiley041/2004007135.html
856 4 1 _3Table of contents
_uhttp://www.loc.gov/catdir/toc/ecip0416/2004007135.html
906 _a7
_bcbc
_corignew
_d1
_eecip
_f20
_gy-gencatlg
942 _2ddc
_cBK
_kIESE